[Event "Brno op 9th"]
[Site "Brno"]
[Date "2019.11.06"]
[Round "4"]
[White "Gonchar, Svitlana"]
[Black "Skurihin, Roman"]
[Result "0-1"]
[WhiteElo "1677"]
[BlackElo "1830"]
[PlyCount "58"]
[EventDate "2019.11.03"]
[EventType "swiss"]
[EventRounds "7"]
[EventCountry "CZE"]
[SourceTitle "CBM 193 Extra"]
[Source "ChessBase"]
[SourceDate "2020.01.31"]
[SourceVersion "1"]
[SourceVersionDate "2020.01.31"]
[SourceQuality "1"]

1. d4 Nf6 2. Nf3 g6 3. c4 Bg7 4. Nc3 0-0 5. e4 d6 6. Be2 e5 7. d5 a5 8. Qc2 Na6 9. 0-0 Nc5 10. Be3 b6 11. Nd2 a4 12. b4 axb3 13. axb3 Bg4 14. f3 Bd7 15. b4 Nb7 16. Ra2 Nh5 17. Rfa1 Rxa2 18. Rxa2 f5 19. Ra7 Bc8 20. Qa4 Qh4 21. Bf2 Qg5 22. Nb3 Nf4 23. g3 Nh3+ 24. Kg2 Nxf2 25. Kxf2 Bh6 26. Nd1 fxe4 27. Kg2 exf3+ 28. Bxf3 Qf5 29. Be2 Qe4+ 0-1